Widok standardowy
Widok MARC
Pozycja Personal Name
Liczba rekordów, w których użyto hasła: 1
001 - Numer kontrolny
- control field: 39394
003 - Identyfikator numeru kontrolnego
- control field: NUKAT
005 - Data i czas ostatniej modyfikacji
- control field: 20260401123643.0
008 - Dane kontrolne kodowane (40 znaków)
- fixed length control field: 001031n||a|znnaabn |a aaa |c
010 ## - Numer kontrolny Biblioteki Kongresu
- numer kontrolny LC: n 00038165
024 7# - OTHER STANDARD IDENTIFIER
- Standard number or code: 166940612
- Source of number or code: viaf
024 7# - OTHER STANDARD IDENTIFIER
- Standard number or code: 0000000117272983
- Source of number or code: isni
024 7# - OTHER STANDARD IDENTIFIER
- Standard number or code: Q9374404
- Source of number or code: wikidata
040 ## - Instytucja sporządzająca rekord
- inst. przygot. dane do rek. khw: WR O/PC
- język haseł przedmiotowych/tezaurus: kaba
- inst. wprow. rek. khw: WR O/PC
100 1# - Hasło - nazwa osobowa
- nazwa osobowa w formie ujednoliconej: Badowska, Wilga.
670 ## - Źródło informacji
- źródło informacji: Kp. Królowe polskie na łowach / Bronisław Sałuda. - Olsztyn, 2000.
- gdzie znaleziono informację: Il.